Milli folklor : (Record no. 200000822)
[ view plain ]
| 000 -LEADER | |
|---|---|
| fixed length control field | 00874 a2200253 4500 |
| 001 - CONTROL NUMBER | |
| control field | 200000822 |
| 003 - CONTROL NUMBER IDENTIFIER | |
| control field | TR-AnTOB |
| 005 - DATE AND TIME OF LATEST TRANSACTION | |
| control field | 20190322122852.0 |
| 008 - FIXED-LENGTH DATA ELEMENTS--GENERAL INFORMATION | |
| fixed length control field | 160507c tu qn0p 0 0 |
| 022 ## - INTERNATIONAL STANDARD SERIAL NUMBER | |
| International Standard Serial Number | 13003984 |
| 035 ## - SYSTEM CONTROL NUMBER | |
| System control number | 200000822 |
| 040 ## - CATALOGING SOURCE | |
| Original cataloging agency | TR-AnTOB |
| Transcribing agency | TR-AnTOB |
| 041 ## - LANGUAGE CODE | |
| Language code of text/sound track or separate title | Türkçe |
| 099 ## - LOCAL FREE-TEXT CALL NUMBER (OCLC) | |
| Classification number | JOURNAL - MİLL FO |
| 245 #0 - TITLE STATEMENT | |
| Title | Milli folklor : |
| Remainder of title | Türk Dünyası Folklor dergisi |
| 336 ## - CONTENT TYPE | |
| Source | rdacontent |
| Content type term | text |
| Content type code | txt |
| 337 ## - MEDIA TYPE | |
| Source | rdamedia |
| Media type term | unmediated |
| Media type code | n |
| 338 ## - CARRIER TYPE | |
| Source | rdacarrier |
| Carrier type term | volume |
| Carrier type code | nc |
| 500 ## - GENERAL NOTE | |
| General note | 38.sayıya kadar Türk dünyası folklor dergisi olarak yayınlanmış, 38.sayıdan itibaren Milli Folklor:Uluslararası halk bilimi dergisi adını almıştır. |
| General note | Kütüphanemizdeki mevcutlar: 1992, 13. 1993, 20. 1994, 24. 1995, 28. 1996, 29-30. 1997-2005, 33-68. 2006, 71- |
| 650 #0 - SUBJECT ADDED ENTRY--TOPICAL TERM | |
| Topical term or geographic name entry element | Folklor |
| Geographic subdivision | Türkiye |
| 9 (RLIN) | 15157 |
| 942 ## - ADDED ENTRY ELEMENTS (KOHA) | |
| Koha item type | Continuing Resource |
| Source of classification or shelving scheme | Library of Congress Classification |
No items available.
